01523 a2200205 45000010006000000050017000060080041000230030015000640400040000790800055001192450062001740200018002362640030002543000019002845050917003031000017012207000022012377000030012597000028012893450720260407155631.0260407a1973 arg spa dAR-UNSa-BCEJYS aAR-UNSa-BCEJYSbspacAR-UNSa-BCEJYS a658.012.32xFormas de organización, de gestión10aLas organizaciones del mañanapdesafíos y estrategias a968-24-0778-8 1aMéxico :bTrillasc1973 a504 p.c25 cm. aI. Un futuro diferente: 1. Desafíos del futuro - 2. Las organizaciones del mañana - II. Nuevas dimensiones para las organizaciones del mañana : 3. Para entender al hombre del mañana - 4. Competencia interpersonal y crecimiento de grupo - 5. Ambientes organizacionales y adaptación - 6. Progresos logrados en el cambio y la innovación - III. Nuevas perspectivas para la teoría organizacional: 7. Sistemas abiertos, cibernética y decisiones - 8. Teorias del intercambio de la motivación y del papel - 9. Fenomenología: La búsqueda de nuevas perspectivas - IV. Estrategias para el cambio integrado: 10. Estrategias generales para una organización en cambio - 11. Cambios estructurales, tecnología y autoadministración - 12. Cambio conductal y desarrollo organizacional - 13. Nuevos papeles para los gerentes proactivos - 14. Investigación organizacional y creación de una política.1 aJun, Jong S.1 aStorm, William B.1 aPatán López, Federico1 aArias Galicia, Fernando